| 000 | 00347nam a2200121Ia 4500 | ||
|---|---|---|---|
| 008 | 210430s9999 xx 000 0 und d | ||
| 082 | _a519.2R7881 I | ||
| 100 |
_aSheldon M.Ross _910933 |
||
| 245 |
_aIntroduction to Probability Models _cSheldon M.Ross |
||
| 260 |
_aISLAMABAD _bNational Book Foundation _c1972 |
||
| 300 | _a755p | ||
| 942 |
_cBK _2ddc |
||
| 999 |
_c561473 _d561473 |
||